000 00851nam a2200253Ia 4500
003 OSt
005 20221005104136.0
006 a|||||r|||| 00| 0
007 ta
008 221004b |||||||| |||| 00| 0 hin d
024 _a22656
037 _cTextual
040 _aCRL
_cCRL
_bhin
041 _2hin
_ahin
082 _aO152jN37, N7
100 _aकश्यप, धनपति देवी
245 0 _aमंजुलम् - वाक्यम् - काव्यम्
246 _aManjulam - vākyam - kāvyam
260 _aदिल्ली
_bदीप्ति प्रकाशन भारत
_c1997
300 _a608पृ0
_ccm.
650 _aहिन्दी साहित्य
942 _hO152jN37, N7
_cTEXL
_2cc
999 _c1011847
_d1011847